[Event "?"]
[Site "?"]
[Date "2013.07.20"]
[Round "2.30"]
[White "Mennicken, Leonardo"]
[Black "Schröter, Heinz-Jürgen"]
[Result "0-1"]
[WhiteElo "955"]
[BlackElo "1160"]
[PlyCount "84"]
[EventDate "2013.??.??"]
[WhiteTeam "Klub Kölner SF e.V. 1"]
[BlackTeam "SV Horrem 1948"]

1. d4 d5 2. c4 c6 3. Nf3 Bf5 4. Nc3 Nf6 5. Bf4 e6 6. e3 Ne4 7. Nxe4 Bxe4 8. Bd3
Bb4+ 9. Nd2 Bxg2 10. Rg1 Bxd2+ 11. Qxd2 Be4 12. Rxg7 Bg6 13. Bxg6 hxg6 14. Qb4
Qe7 15. Bd6 Qd7 16. O-O-O a5 17. Qa3 Na6 18. Be5 Nb4 19. Rxg6 fxg6 20. Bxh8 Qf7
21. Rf1 dxc4 22. b3 Qe7 23. Kd1 c3 24. Ke2 Qh4 25. Be5 Qe4 26. Qc1 Qd3+ 27. Kf3
c2 28. a3 Na2 29. Qb2 Qd1+ 30. Rxd1 cxd1=Q+ 31. Kg2 Nc1 32. Qb1 Qg4+ 33. Bg3
Ne2 34. Qd3 Nxg3 35. hxg3 Qf5 36. Qc3 Kd7 37. f3 Rh8 38. g4 Qb1 39. Kg3 Qg1+
40. Kf4 Rf8+ 41. Ke5 Rxf3 42. Qc5 Qxe3# 0-1

[Event "?"]
[Site "?"]
[Date "2013.07.20"]
[Round "3.1"]
[White "Sewald, Kathrin"]
[Black "van der Valk, Reiner"]
[Result "1-0"]
[WhiteElo "1395"]
[BlackElo "1431"]
[PlyCount "55"]
[EventDate "2013.??.??"]
[WhiteTeam "SG Porz e.V."]
[BlackTeam "SG Nettetal 1929"]

1. e4 c6 2. Nf3 d5 3. exd5 cxd5 4. d4 Bg4 5. Be2 Nf6 6. h3 Bxf3 7. Bxf3 e6 8.
c3 Nc6 9. Be2 Bd6 10. Nd2 O-O 11. O-O Rc8 12. Bd3 Bb8 13. Nf3 Qc7 14. Re1 Rfe8
15. Ne5 Nxe5 16. dxe5 Nd7 17. f4 Nc5 18. Be3 Nxd3 19. Qxd3 Qe7 20. Bf2 a6 21.
Qf3 b5 22. a3 Rc4 23. Qg4 Rf8 24. Bh4 Ba7+ 25. Kh1 Qc5 26. Bf6 g6 27. b4 h5 28.
Qg5 1-0

[Event "?"]
[Site "?"]
[Date "2013.07.20"]
[Round "3.2"]
[White "Hertling, Jürgen"]
[Black "Sewald, Richard"]
[Result "0-1"]
[WhiteElo "1415"]
[BlackElo "1301"]
[PlyCount "104"]
[EventDate "2013.??.??"]
[WhiteTeam "SF Köln-Mülheim e.V."]
[BlackTeam "SG Porz e.V."]

1. d4 Nf6 2. c4 e6 3. Nc3 b6 4. Bg5 Be7 5. e3 Bb7 6. Qc2 h6 7. Bf4 d6 8. e4
Nbd7 9. Nf3 c5 10. d5 exd5 11. exd5 O-O 12. Bd3 Nh5 13. Be3 Nhf6 14. O-O-O a6
15. Qd2 Re8 16. Bxh6 gxh6 17. Qxh6 Bf8 18. Qg5+ Bg7 19. Nh4 Nh7 20. Qg3 Qg5+
21. Qxg5 Nxg5 22. Nf5 Bf8 23. h4 Nh7 24. h5 Ne5 25. Be2 Bc8 26. g4 Bxf5 27.
gxf5 Bh6+ 28. Kc2 Kh8 29. Ne4 Nxc4 30. Bxc4 Rxe4 31. Bd3 Re5 32. Rhe1 Rxd5 33.
Be4 Rxd1 34. Rxd1 Rd8 35. Bd5 Kg7 36. Rg1+ Kf6 37. Re1 Ng5 38. Kd3 Nh3 39. Bc6
Nxf2+ 40. Kc4 Nh3 41. a4 Nf4 42. Rd1 Nxh5 43. b4 Be3 44. bxc5 Bxc5 45. Bb7 a5
46. Kb5 Kxf5 47. Bd5 f6 48. Re1 Nf4 49. Be4+ Ke5 50. Bc6+ Kf5 51. Be4+ Kg5 52.
Rg1+ Bxg1 0-1

[Event "?"]
[Site "?"]
[Date "2013.07.20"]
[Round "3.3"]
[White "Eichhorn, Mike"]
[Black "Herms, Stefan"]
[Result "1/2-1/2"]
[WhiteElo "1354"]
[BlackElo "1710"]
[PlyCount "49"]
[EventDate "2013.??.??"]
[WhiteTeam "VfB Schach Leipzig e.V."]
[BlackTeam "SC Erkrath 1973"]

1. e4 e6 2. Nf3 d5 3. exd5 exd5 4. d4 Bf5 5. Bd3 Bxd3 6. Qxd3 Nf6 7. Qb5+ Nbd7
8. Qxb7 Bd6 9. Qa6 O-O 10. O-O Re8 11. Nc3 Nb6 12. Bg5 h6 13. Bxf6 Qxf6 14.
Rae1 Reb8 15. Qd3 c6 16. Ne5 Rc8 17. Re2 c5 18. dxc5 Rxc5 19. Rfe1 Qh4 20. Nf3
Qb4 21. Re8+ Rxe8 22. Rxe8+ Bf8 23. Qd4 Rc4 24. Qd3 d4 25. Nd1 1/2-1/2

[Event "?"]
[Site "?"]
[Date "2013.07.20"]
[Round "3.4"]
[White "Kronseder, Michael"]
[Black "Sewald, Jörg"]
[Result "1/2-1/2"]
[WhiteElo "1689"]
[BlackElo "1481"]
[PlyCount "63"]
[EventDate "2013.??.??"]
[WhiteTeam "SV 1925 Hürth-Berrenra"]
[BlackTeam "SF Esch e.V."]

1. e4 b6 2. Nc3 g6 3. Bc4 e6 4. Nf3 Bg7 5. d3 d6 6. Be3 Bb7 7. Qd2 Nd7 8. Ng5
h6 9. Nh3 Ne7 10. O-O-O a6 11. f4 b5 12. Bb3 c5 13. Rhg1 Bc6 14. g4 a5 15. a3
a4 16. Ba2 Qa5 17. e5 b4 18. Ne4 dxe5 19. Nd6+ Kf8 20. Nc4 Qb5 21. fxe5 Nxe5
22. Nd6 Qb8 23. Bxc5 bxa3 24. Bxa3 Kg8 25. Rdf1 Ra7 26. Qf2 Bd5 27. d4 Bxa2 28.
dxe5 Nc6 29. Nxf7 Nxe5 30. Nxe5 Bxe5 31. Qf8+ Qxf8 32. Rxf8+ 1/2-1/2

[Event "?"]
[Site "?"]
[Date "2013.07.20"]
[Round "3.5"]
[White "Herrmann, Andreas"]
[Black "Breuer, Achim"]
[Result "1-0"]
[WhiteElo "1669"]
[BlackElo "1473"]
[PlyCount "69"]
[EventDate "2013.??.??"]
[WhiteTeam "Düsseldorfer SK 14/25 e."]
[BlackTeam "SV Bayer Dormagen 47"]

1. c4 e6 2. Nc3 Nf6 3. d4 d5 4. e3 Be7 5. Nf3 Nbd7 6. Bd2 c6 7. Bd3 dxc4 8.
Bxc4 O-O 9. O-O Re8 10. Qc2 Nb6 11. Bd3 g6 12. Ne2 Nbd5 13. a3 Bf8 14. e4 Ne7
15. Bg5 Bg7 16. Qd2 Nd7 17. Rac1 f6 18. Bf4 e5 19. Bc4+ Kh8 20. Bh6 Ng8 21.
Bxg7+ Kxg7 22. d5 Nb6 23. dxc6 Nxc4 24. Rxc4 bxc6 25. Rxc6 Qe7 26. Rd6 Qb7 27.
Nc3 Ne7 28. Rc1 f5 29. Nxe5 fxe4 30. Nd5 Nf5 31. Rc7+ Qxc7 32. Nxc7 Nxd6 33.
Nxa8 Bb7 34. Qxd6 Rc8 35. Nc7 1-0

[Event "?"]
[Site "?"]
[Date "2013.07.20"]
[Round "3.6"]
[White "Jansen, Kurt"]
[Black "Havenith, Michael"]
[Result "0-1"]
[WhiteElo "1460"]
[BlackElo "1667"]
[PlyCount "92"]
[EventDate "2013.??.??"]
[WhiteTeam "SK Sülz-Klettenberg"]
[BlackTeam "SV Würselen 1926 e.V."]

1. e4 c6 2. Nc3 d5 3. exd5 cxd5 4. d4 Nc6 5. Bb5 Nf6 6. Nge2 a6 7. Bxc6+ bxc6
8. Ng3 e6 9. O-O Be7 10. Be3 Rb8 11. b3 O-O 12. Na4 Nd7 13. Bf4 Rb7 14. Re1 c5
15. dxc5 Nxc5 16. Nxc5 Bxc5 17. c3 Bd7 18. b4 Be7 19. a4 Bf6 20. Be5 Bxe5 21.
Rxe5 Qc7 22. Qd4 f6 23. Ree1 Rc8 24. Ne2 Qc4 25. Qxc4 Rxc4 26. a5 Rbc7 27. Red1
Kf7 28. Ra3 Bb5 29. Nd4 Rxc3 30. Nxb5 axb5 31. Rxc3 Rxc3 32. Ra1 Rc7 33. Kf1
Ke7 34. Ke2 e5 35. Kd3 f5 36. f3 Kd6 37. g3 g5 38. h4 gxh4 39. gxh4 e4+ 40.
fxe4 fxe4+ 41. Ke3 Ke5 42. Rg1 d4+ 43. Kd2 e3+ 44. Ke2 Rc2+ 45. Kd1 d3 46. Rg4
e2+ 0-1

[Event "?"]
[Site "?"]
[Date "2013.07.20"]
[Round "3.7"]
[White "Baltic, Fatih"]
[Black "Plitt, Stefan"]
[Result "1-0"]
[WhiteElo "1591"]
[BlackElo "1664"]
[PlyCount "91"]
[EventDate "2013.??.??"]
[WhiteTeam "DJK Aufwärts St. Josef Aachen 19"]
[BlackTeam "SV Grünfeld e.V."]

1. e4 d5 2. exd5 Nf6 3. c4 e6 4. dxe6 Bxe6 5. Nc3 Nc6 6. Nf3 Qe7 7. Qe2 Nb4 8.
Nd4 O-O-O 9. Nxe6 Nd3+ 10. Kd1 fxe6 11. Qf3 Ng4 12. Bxd3 Ne5 13. Qe3 Nxd3 14.
b3 Qf6 15. Rf1 Bc5 16. Qe2 Nxf2+ 17. Kc2 Qg6+ 18. Kb2 Nd3+ 19. Kb1 Nf4+ 20. Qe4
Nxg2 21. Qxg6 hxg6 22. Ne4 Bd4 23. Bb2 Bxb2 24. Kxb2 Rh4 25. Rf2 Rxe4 26. Rxg2
Rdd4 27. Kc2 Rh4 28. Re1 Kd7 29. Rxg6 Rxh2 30. Rxg7+ Kd6 31. Rd1 Re2 32. Kc3 e5
33. Rg6+ Kd7 34. Rg5 Ke6 35. Rg7 Kf5 36. Rxc7 Ke4 37. Rxb7 Rd3+ 38. Kc2 Rf3 39.
Rxa7 Rff2 40. Rd7 Rf6 41. Kc3 Rf3+ 42. Kb4 Rd3 43. Rxd3 Kxd3 44. c5 Kc2 45. Rh1
Rxd2 46. Kb5 1-0

[Event "?"]
[Site "?"]
[Date "2013.07.20"]
[Round "3.8"]
[White "Miranda Laferte, Erick"]
[Black "Havenith, Julia"]
[Result "1-0"]
[WhiteElo "1664"]
[BlackElo "1407"]
[PlyCount "77"]
[EventDate "2013.??.??"]
[WhiteTeam "Hannover 96"]
[BlackTeam "SV Würselen 1926 e.V."]

1. d4 Nf6 2. c4 g6 3. Nc3 Bg7 4. Nf3 O-O 5. e4 d6 6. Be2 Nbd7 7. Qc2 e5 8. d5
Re8 9. O-O Nb6 10. b4 Nbd7 11. Ne1 c6 12. Be3 Qc7 13. Rc1 c5 14. Nb5 Qb6 15. a4
Rf8 16. f3 a6 17. a5 Qd8 18. Nxd6 cxb4 19. Qa4 b3 20. Rb1 Qc7 21. Qb4 Rd8 22.
Nxc8 Rdxc8 23. Rxb3 Nc5 24. Rb1 h5 25. Nd3 Nfd7 26. Nxc5 Nxc5 27. Qb6 Bf8 28.
Rfd1 Bd6 29. Kf1 Na4 30. Qxc7 Rxc7 31. Rb3 Nc5 32. Rb6 Rd7 33. Rxd6 Rxd6 34.
Bxc5 Rd7 35. Bb6 Rc8 36. c5 Kf8 37. Bc4 Ke7 38. Bb3 Kf8 39. Ba4 1-0

[Event "?"]
[Site "?"]
[Date "2013.07.20"]
[Round "3.9"]
[White "Rebischke, Florian"]
[Black "Kürten, Lothar"]
[Result "1/2-1/2"]
[WhiteElo "1440"]
[BlackElo "1653"]
[PlyCount "76"]
[EventDate "2013.??.??"]
[WhiteTeam "SF Köln-Mülheim e.V."]
[BlackTeam "SF Köln-Longerich 195"]

1. c4 Nf6 2. d4 e6 3. g3 d5 4. cxd5 exd5 5. Bg2 Be7 6. Nf3 O-O 7. O-O Re8 8.
Bg5 Nbd7 9. Nc3 c6 10. e3 h6 11. Bxf6 Nxf6 12. a3 Bd6 13. b4 a6 14. Qc2 Bg4 15.
h3 Be6 16. Na4 Ne4 17. Nd2 Nxd2 18. Qxd2 Qg5 19. Kh2 h5 20. f4 Qe7 21. h4 Bf5
22. Rfe1 Be4 23. Rac1 f6 24. Rc3 g5 25. Bxe4 Qxe4 26. Qd3 Qxd3 27. Rxd3 gxf4
28. gxf4 Bxf4+ 29. Kg2 Kf7 30. Kf3 Bd6 31. Rg1 Re4 32. Rh1 Rg8 33. Nc5 Rg3+ 34.
Kf2 Rgg4 35. Nxe4 dxe4 36. Rd2 Bg3+ 37. Kf1 Bxh4 38. Rg2 Bg5 1/2-1/2

[Event "?"]
[Site "?"]
[Date "2013.07.20"]
[Round "3.10"]
[White "Pohl, Stefan"]
[Black "Hiendl, David"]
[Result "1/2-1/2"]
[WhiteElo "1363"]
[BlackElo "1603"]
[PlyCount "48"]
[EventDate "2013.??.??"]
[WhiteTeam "Klub Kölner SF e.V. 1"]
[BlackTeam "SF Lohmar 1974 e.V."]

1. e4 e6 2. d4 d5 3. exd5 exd5 4. Nf3 Nc6 5. Nc3 Nf6 6. Bg5 Be7 7. Be2 h6 8.
Bh4 O-O 9. O-O Bf5 10. a3 a6 11. Re1 Re8 12. h3 Ne4 13. Bxe7 Rxe7 14. Bd3 Nxc3
15. bxc3 Rxe1+ 16. Qxe1 Bxd3 17. cxd3 Qd6 18. Kf1 Kf8 19. Qd2 Na5 20. Qb2 b6
21. Qb4 Qxb4 22. axb4 Nc6 23. Ne5 Nxe5 24. dxe5 Ke7 1/2-1/2

[Event "?"]
[Site "?"]
[Date "2013.07.20"]
[Round "3.11"]
[White "Biermann, Florian"]
[Black "Knütter, Helmut"]
[Result "1/2-1/2"]
[WhiteElo "1290"]
[BlackElo "1714"]
[PlyCount "104"]
[EventDate "2013.??.??"]
[WhiteTeam "TuS Ende 1892 e.V."]
[BlackTeam "SK Sülz-Klettenberg"]

1. Nf3 Nf6 2. g3 b6 3. Bg2 Bb7 4. d3 d6 5. e4 e5 6. O-O Be7 7. Nc3 O-O 8. h3
Re8 9. Nh2 Nbd7 10. f4 exf4 11. Bxf4 Nf8 12. Ng4 Ng6 13. Qf3 Rf8 14. Bg5 Nxg4
15. Bxe7 Qxe7 16. Qxg4 Rad8 17. Nb5 a6 18. Nd4 Qe8 19. Nf5 Bc8 20. Rae1 Qe5 21.
b3 Rde8 22. Qf3 Qb2 23. Ra1 Bxf5 24. exf5 Qd4+ 25. Qf2 Qxf2+ 26. Kxf2 Ne5 27.
Rae1 Nd7 28. Bc6 Rxe1 29. Rxe1 Ne5 30. Bb7 a5 31. d4 Rb8 32. dxe5 Rxb7 33. exd6
Kf8 34. Re7 Rb8 35. Rxc7 Rd8 36. d7 Ke7 37. Ke3 Kd6 38. Ra7 f6 39. Kf4 Kc6 40.
g4 h6 41. h4 Rxd7 42. Rxd7 Kxd7 43. g5 h5 44. gxf6 gxf6 45. Ke4 Kd6 46. Kd4 Kc6
47. c3 Kd6 48. b4 axb4 49. cxb4 b5 50. a3 Kc6 51. Ke4 Kd6 52. Kd4 Kc6 1/2-1/2

[Event "?"]
[Site "?"]
[Date "2013.07.20"]
[Round "3.12"]
[White "Müller, Adrian"]
[Black "Reinartz, Ulrich"]
[Result "0-1"]
[WhiteElo "1382"]
[BlackElo "1676"]
[PlyCount "28"]
[EventDate "2013.??.??"]
[WhiteTeam "SV Fideler Bauer Lever"]
[BlackTeam "vereinslos"]

1. e4 c5 2. Nf3 Nc6 3. d4 cxd4 4. Nxd4 e5 5. Nb5 a6 6. Nd6+ Bxd6 7. Qxd6 Qf6 8.
Qd1 Qg6 9. Nc3 Nf6 10. Qf3 Nd4 11. Qd3 b5 12. a3 Bb7 13. f3 d5 14. exd5 Nxc2+
0-1

[Event "?"]
[Site "?"]
[Date "2013.07.20"]
[Round "3.13"]
[White "Hiendl, Robert"]
[Black "Dijkhuis, Oele"]
[Result "1-0"]
[WhiteElo "1638"]
[BlackElo "1343"]
[PlyCount "69"]
[EventDate "2013.??.??"]
[WhiteTeam "SF Lohmar 1974 e.V."]
[BlackTeam "Schaakclub Utrecht (NL)"]

1. e4 e5 2. Nf3 Nc6 3. Bc4 Nf6 4. Ng5 Nxe4 5. Bxf7+ Ke7 6. Nxe4 Kxf7 7. Qf3+
Ke8 8. O-O Qh4 9. d3 d5 10. Ng5 Nd8 11. Qxd5 Bd6 12. Nc3 h6 13. Nf3 Qh5 14. Ne4
Qg6 15. Nxe5 Bxe5 16. Qxe5+ Kf7 17. Qxc7+ Kg8 18. Qxd8+ Kh7 19. Qh4 Rf8 20. Bd2
Rf5 21. Bc3 Rh5 22. Qg3 Qf7 23. f4 Bf5 24. Nd6 Qf8 25. Nxf5 Rxf5 26. Rae1 Rd8
27. Qe3 Qg8 28. Qe4 Rdf8 29. g4 g6 30. gxf5 gxf5+ 31. Qg2 Qf7 32. Kh1 Rg8 33.
Qf3 Qd7 34. Rg1 Qd8 35. Qxb7+ 1-0

[Event "?"]
[Site "?"]
[Date "2013.07.20"]
[Round "3.14"]
[White "Rokitta, Norbert"]
[Black "Oerder, Timon"]
[Result "1-0"]
[WhiteElo "1583"]
[BlackElo "1323"]
[PlyCount "53"]
[EventDate "2013.??.??"]
[WhiteTeam "SF Lohmar 1974 e.V."]
[BlackTeam "SV Fideler Bauer Lever"]

1. e4 e6 2. Nf3 d5 3. e5 c5 4. b4 Bd7 5. bxc5 Bxc5 6. d4 Bb6 7. c3 Qc7 8. Ba3
a6 9. Bd3 Bb5 10. O-O Ba5 11. Bd6 Qc6 12. a4 Bc4 13. Qc2 Nd7 14. Bxc4 Qxc4 15.
Nfd2 Qc6 16. Nb3 b6 17. Nxa5 bxa5 18. f4 Ne7 19. g4 f5 20. Bxe7 Kxe7 21. gxf5
exf5 22. Qxf5 Raf8 23. Qg5+ Ke8 24. f5 Qb6 25. Nd2 h6 26. Qg2 Qc6 27. c4 1-0

[Event "?"]
[Site "?"]
[Date "2013.07.20"]
[Round "3.15"]
[White "Engel, Johann"]
[Black "Wilde, Christian"]
[Result "1-0"]
[WhiteElo "1575"]
[BlackElo "1223"]
[PlyCount "79"]
[EventDate "2013.??.??"]
[WhiteTeam "Brühler SK 1920 e.V."]
[BlackTeam "SF Köln-Longerich 195"]

1. d4 d5 2. c4 dxc4 3. e4 e5 4. d5 Nf6 5. Nc3 Bc5 6. Bg5 O-O 7. Bxc4 a6 8. Nf3
Nbd7 9. O-O b5 10. Bb3 Bd6 11. Bc2 h6 12. Bd2 b4 13. Ne2 a5 14. Ng3 Nh7 15. Nf5
Be7 16. Ba4 Nc5 17. Bc6 Rb8 18. Ng3 Bd6 19. Be3 f6 20. Rc1 Nd7 21. Ba7 Ba6 22.
Re1 Rc8 23. Qa4 Nc5 24. Bxc5 Bxc5 25. Rxc5 Rb8 26. Qxa5 Bb7 27. Bxb7 Rxb7 28.
Qa4 Qb8 29. Qb3 Kh8 30. Nh4 Rf7 31. Ng6+ Kg8 32. Nf5 Nf8 33. Nge7+ Kh7 34. d6
cxd6 35. Qxf7 Ne6 36. Qg6+ Kh8 37. Rc8+ Qxc8 38. Nxc8 Nf8 39. Qe8 Kh7 40. Qxf8
1-0

[Event "?"]
[Site "?"]
[Date "2013.07.20"]
[Round "3.16"]
[White "Klein, Markus"]
[Black "Johnen, Franz"]
[Result "0-1"]
[WhiteElo "1355"]
[BlackElo "1565"]
[PlyCount "106"]
[EventDate "2013.??.??"]
[WhiteTeam "SK Sülz-Klettenberg"]
[BlackTeam "SVigung 1928 Alsdorf e"]

1. d4 d5 2. e3 Nf6 3. Nd2 e6 4. Nb3 Bd6 5. Bd3 O-O 6. Ne2 Nbd7 7. O-O e5 8.
dxe5 Nxe5 9. Nbd4 c5 10. Nf5 Nxd3 11. Nxd6 Nxc1 12. Nxc8 Nxe2+ 13. Qxe2 Rxc8
14. Rfd1 Qe7 15. Qf3 Qe5 16. Rab1 b6 17. Rd3 Rcd8 18. c3 d4 19. Rc1 dxe3 20.
Rxe3 Qd5 21. a3 Qd2 22. Rb1 Qc2 23. Ree1 Rde8 24. Rec1 Qe2 25. Qf5 Re5 26. Qf4
Rfe8 27. h3 Nh5 28. Qh4 Re4 29. Qg5 Nf6 30. Rf1 h6 31. Qg3 Qc2 32. Rfc1 Qd2 33.
Rd1 Re1+ 34. Rxe1 Rxe1+ 35. Rxe1 Qxe1+ 36. Kh2 Kh7 37. Qf4 Qe4 38. Qd2 Qd5 39.
Qf4 Qe6 40. f3 g5 41. Qd2 Qe5+ 42. Kg1 Nd5 43. Kh1 Nf4 44. Qd7 Qe1+ 45. Kh2 Kg7
46. Qf5 Qe2 47. Qg4 f5 48. Qg3 Qf1 49. h4 Kf6 50. b4 c4 51. a4 a6 52. a5 b5 53.
hxg5+ hxg5 0-1

[Event "?"]
[Site "?"]
[Date "2013.07.20"]
[Round "3.17"]
[White "Gail, Edgar"]
[Black "Biermann, Lenhard"]
[Result "0-1"]
[WhiteElo "1554"]
[BlackElo "1160"]
[PlyCount "64"]
[EventDate "2013.??.??"]
[WhiteTeam "Klub Kölner SF e.V. 1"]
[BlackTeam "TuS Ende 1892 e.V."]

1. e4 e6 2. d4 d5 3. e5 c5 4. c3 Nc6 5. Nf3 Bd7 6. a3 Nh6 7. Bd3 Be7 8. b4 b6
9. Bc2 Nf5 10. b5 Na5 11. dxc5 bxc5 12. Bxf5 exf5 13. Qxd5 Bxb5 14. Qxd8+ Rxd8
15. Bg5 Bxg5 16. Nxg5 O-O 17. a4 Ba6 18. Na3 Rfe8 19. f4 f6 20. Nf3 Bb7 21. O-O
Bxf3 22. Rxf3 fxe5 23. fxe5 Rxe5 24. Raf1 g6 25. Nb5 Nc4 26. Rg3 a5 27. h3 Rd2
28. Na7 Ra2 29. Nc6 Ree2 30. Rf4 Nd2 31. Rxf5 Ra1+ 32. Kh2 Nf1+ 0-1

[Event "?"]
[Site "?"]
[Date "2013.07.20"]
[Round "3.18"]
[White "Mersch, Peter Daniel"]
[Black "Yon, Gregory"]
[Result "1-0"]
[WhiteElo "1330"]
[BlackElo "1523"]
[PlyCount "119"]
[EventDate "2013.??.??"]
[WhiteTeam "Klub Kölner SF e.V. 1"]
[BlackTeam "Turnerschaft Bergisch Gladbach 1"]

1. e4 d6 2. d4 Nf6 3. Nc3 g6 4. Be3 Bg7 5. Nf3 O-O 6. Qd2 Ng4 7. Bg5 h6 8. h3
hxg5 9. hxg4 f6 10. Bc4+ e6 11. O-O-O Re8 12. Qd3 Kf7 13. e5 dxe5 14. dxe5 Qxd3
15. Rxd3 Nc6 16. exf6 Bxf6 17. Ne4 Na5 18. Bb5 Nc6 19. Rh7+ Bg7 20. Nfxg5+ Kg8
21. Rf3 Rf8 22. Rxf8+ Kxf8 23. Bxc6 bxc6 24. Nc5 Kg8 25. Rh1 Rb8 26. c3 Rb5 27.
Ncxe6 Bf6 28. f4 Bxg5 29. Nxg5 Bxg4 30. Rh7 Rxg5 31. Rh4 Ra5 32. Rxg4 Kf7 33.
a3 Rd5 34. Rh4 Kg7 35. Rh3 c5 36. Re3 Kf7 37. Kc2 c6 38. Rd3 Kf6 39. Rxd5 cxd5
40. g4 Ke6 41. Kd3 Kd6 42. c4 a6 43. cxd5 Kxd5 44. f5 c4+ 45. Kc3 a5 46. a4 Kc5
47. f6 Kd6 48. f7 Ke7 49. f8=Q+ Kxf8 50. Kxc4 Ke7 51. Kc5 Ke6 52. Kb6 Ke5 53.
Kxa5 Kf4 54. b4 Kxg4 55. b5 Kf3 56. b6 g5 57. b7 g4 58. b8=Q g3 59. Qg8 Kf2 60.
Qxg3+ 1-0

[Event "?"]
[Site "?"]
[Date "2013.07.20"]
[Round "3.19"]
[White "Lennartz, Ludwig"]
[Black "Petersohn, Sadko"]
[Result "0-1"]
[WhiteElo "1512"]
[BlackElo "1078"]
[PlyCount "80"]
[EventDate "2013.??.??"]
[WhiteTeam "DJK Arminia Eilendorf 1919 e.V."]
[BlackTeam "VfB Schach Leipzig e.V."]

1. e4 e5 2. Nf3 Nc6 3. Bc4 Bc5 4. b4 Bxb4 5. c3 Be7 6. Qb3 Na5 7. Bxf7+ Kf8 8.
Qb4 Kxf7 9. Qxa5 d6 10. d4 b6 11. Qa4 Bf6 12. O-O Ne7 13. dxe5 dxe5 14. Rd1 Qe8
15. Qc4+ Be6 16. Qe2 h6 17. Ba3 Rd8 18. Nbd2 Qa4 19. Bxe7 Kxe7 20. Nf1 Rxd1 21.
Rxd1 Qxa2 22. Qd3 Qc4 23. Qc2 Rd8 24. Rxd8 Kxd8 25. Ne3 Qc6 26. c4 Qc5 27. Nd5
Qa3 28. h3 a5 29. Qd2 Bxd5 30. Qxd5+ Qd6 31. Qb5 Qd7 32. Qb3 Kc8 33. Qc3 Qd6
34. Qb3 Kb7 35. Ne1 Qb4 36. Qd1 Qxc4 37. Qg4 a4 38. f3 Qe2 39. Qe6 Qxe1+ 40.
Kh2 Qc3 0-1

[Event "?"]
[Site "?"]
[Date "2013.07.20"]
[Round "3.21"]
[White "Hoferichter, Michael"]
[Black "Thierkopf, Constantin"]
[Result "1/2-1/2"]
[WhiteElo "1269"]
[BlackElo "1460"]
[PlyCount "104"]
[EventDate "2013.??.??"]
[WhiteTeam "Klub Kölner SF e.V. 1"]
[BlackTeam "Brühler SK 1920 e.V."]

1. e4 e5 2. Nf3 Nc6 3. Bc4 Bc5 4. c3 d6 5. d4 exd4 6. cxd4 Bb6 7. Nc3 Bg4 8.
Be3 Nf6 9. Be2 Ba5 10. O-O Bxc3 11. bxc3 Nxe4 12. Qb3 O-O 13. h3 Bd7 14. Bd3
Bf5 15. Qc2 d5 16. Rab1 Rb8 17. Rfe1 Qf6 18. Bf4 Rbc8 19. Be5 Qg6 20. Nh4 Qe6
21. Nxf5 Nxe5 22. dxe5 Qxf5 23. Bxe4 dxe4 24. Qxe4 Qe6 25. Rb2 c6 26. Rd2 Rcd8
27. Red1 Qe7 28. Rxd8 Rxd8 29. Rxd8+ Qxd8 30. Qd4 Qxd4 31. cxd4 Kf8 32. Kf1 Ke7
33. Ke2 Ke6 34. Kd3 Kd5 35. f4 f6 36. exf6 gxf6 37. g4 b6 38. h4 c5 39. dxc5
bxc5 40. g5 Ke6 41. gxf6 Kxf6 42. Ke4 c4 43. a4 c3 44. Kd3 c2 45. Kxc2 Kf5 46.
Kc3 Kxf4 47. h5 Ke5 48. Kc4 Kd6 49. Kb5 Kc7 50. a5 Kb7 51. a6+ Kc7 52. Kc5 Kd7
1/2-1/2

[Event "?"]
[Site "?"]
[Date "2013.07.20"]
[Round "3.22"]
[White "Reiter, Ute"]
[Black "Krug, Franz-Dieter"]
[Result "1/2-1/2"]
[WhiteElo "1179"]
[BlackElo "1443"]
[PlyCount "94"]
[EventDate "2013.??.??"]
[WhiteTeam "Brühler SK 1920 e.V."]
[BlackTeam "SVigung 1928 Alsdorf e"]

1. e4 e5 2. Nf3 d6 3. Bc4 Be7 4. O-O h6 5. Re1 Nf6 6. Nc3 c6 7. d4 Qc7 8. d5 b5
9. Bd3 b4 10. Ne2 O-O 11. Ng3 cxd5 12. exd5 Nxd5 13. Be4 Nb6 14. Bxa8 Nxa8 15.
Re4 a5 16. Qd5 Bb7 17. Qc4 Qd7 18. Re3 Rc8 19. Qe2 Ba6 20. Qd2 Nb6 21. b3 f5
22. Nf1 f4 23. Re1 Qc6 24. a3 Qxc2 25. Qxc2 Rxc2 26. axb4 axb4 27. Bd2 Nd5 28.
Ra5 Nc3 29. Nd4 Ra2 30. Rxa2 Nxa2 31. Ne6 Kf7 32. Nc7 Nc3 33. Nxa6 Nxa6 34.
Bxc3 bxc3 35. Rc1 d5 36. Rxc3 Nb4 37. g3 g5 38. g4 Ke6 39. f3 Kd6 40. Rc8 Bf6
41. Rb8 Kc5 42. Nd2 Nc6 43. Rc8 Kd6 44. Kf2 Kd7 45. Rf8 Ke7 46. Rc8 Kd7 47. Rf8
Ke7 1/2-1/2

[Event "?"]
[Site "?"]
[Date "2013.07.20"]
[Round "3.23"]
[White "Schröter, Heinz-Jürgen"]
[Black "Kühlwein, Ralf"]
[Result "0-1"]
[WhiteElo "1160"]
[BlackElo "1553"]
[PlyCount "56"]
[EventDate "2013.??.??"]
[WhiteTeam "SV Horrem 1948"]
[BlackTeam "Klub Kölner SF e.V. 1"]

1. e4 c5 2. Bc4 e6 3. Nf3 a6 4. a4 d6 5. d4 cxd4 6. Nxd4 Nf6 7. Bg5 Qa5+ 8. Qd2
Qb6 9. Nc3 Qxb2 10. O-O Qb4 11. Qd3 Nbd7 12. Rfb1 Qc5 13. Be3 Qc7 14. f4 Nc5
15. Qe2 Ncxe4 16. Rb3 d5 17. Nxe4 Nxe4 18. Bd3 Bd6 19. Nf3 Bxf4 20. Bb6 Qc6 21.
c4 Nc5 22. Nd4 Qd6 23. Nf5 Bxh2+ 24. Kh1 Qe5 25. Qxe5 Bxe5 26. Re1 Nxb3 27.
Rxe5 O-O 28. c5 exf5 0-1

[Event "?"]
[Site "?"]
[Date "2013.07.20"]
[Round "3.24"]
[White "Stetefeldt, Mario"]
[Black "Schumacher, Markus"]
[Result "0-1"]
[WhiteElo "1656"]
[BlackElo "1283"]
[PlyCount "64"]
[EventDate "2013.??.??"]
[WhiteTeam "SK Sülz-Klettenberg"]
[BlackTeam "Godesberger SK 1929 e.V."]

1. e4 d6 2. d4 Nf6 3. Nc3 g6 4. f4 Bg7 5. Nf3 O-O 6. Be3 Ng4 7. Bg1 b6 8. Qd2
c5 9. d5 Qc7 10. h3 Nh6 11. g4 f5 12. exf5 gxf5 13. g5 Nf7 14. Bc4 Ba6 15. Qd3
Bxc4 16. Qxc4 a6 17. Bf2 b5 18. Qd3 Nh8 19. Kf1 Nd7 20. Re1 Rae8 21. Bg3 c4 22.
Qd2 Nc5 23. Bf2 b4 24. Nd1 a5 25. Bxc5 Qxc5 26. Kg2 c3 27. bxc3 bxc3 28. Qd3
Ng6 29. Kg3 Rb8 30. Ne3 Rb4 31. Nxf5 Rxf4 32. N3h4 Qf2# 0-1

[Event "?"]
[Site "?"]
[Date "2013.07.20"]
[Round "3.25"]
[White "Beißel, Daniel"]
[Black "Margenberg, Volker"]
[Result "1/2-1/2"]
[WhiteElo "1615"]
[BlackElo "1625"]
[PlyCount "43"]
[EventDate "2013.??.??"]
[WhiteTeam "SV Horrem 1948"]
[BlackTeam "SV Wiehl 1923 e.V."]

1. d4 Nf6 2. c4 g6 3. Nc3 Bg7 4. e4 d6 5. Bd3 O-O 6. f4 Nbd7 7. Nf3 Ne8 8. Qc2
e5 9. fxe5 dxe5 10. d5 Nc5 11. Be2 a5 12. Be3 Qe7 13. Na4 Nxa4 14. Qxa4 Bd7 15.
Qc2 f5 16. Bd3 fxe4 17. Bxe4 Nf6 18. Bg5 Qb4+ 19. Bd2 Qe7 20. Bg5 Qb4+ 21. Bd2
Qe7 22. Bg5 1/2-1/2

[Event "?"]
[Site "?"]
[Date "2013.07.20"]
[Round "3.26"]
[White "Medvedev, Alexander"]
[Black "Jakob, Gudrun"]
[Result "1-0"]
[WhiteElo "1580"]
[BlackElo "1033"]
[PlyCount "129"]
[EventDate "2013.??.??"]
[WhiteTeam "Düsseldorfer SV 1854"]
[BlackTeam "Klub Kölner SF e.V. 1"]

1. d4 d5 2. c4 Nf6 3. cxd5 Nxd5 4. e4 Nf6 5. Nc3 e6 6. Nf3 Bb4 7. Bd3 Nc6 8.
Bc2 e5 9. d5 Ne7 10. Nxe5 O-O 11. O-O Bd7 12. Bg5 Ne8 13. Rc1 f6 14. Nxd7 Qxd7
15. Be3 f5 16. Bb3 Kh8 17. f3 f4 18. Bf2 Ng6 19. a3 Bd6 20. Ne2 Qb5 21. Nd4 Qd7
22. Qd2 Be5 23. Ne6 Rf6 24. Rfd1 a5 25. Bd4 a4 26. Ba2 Bxd4+ 27. Qxd4 Qb5 28.
Nxc7 Nxc7 29. Rxc7 Rd8 30. Bc4 Qe8 31. Rxb7 Ne5 32. Bb5 Nxf3+ 33. gxf3 Qg6+ 34.
Kh1 Qh5 35. Qf2 Ra8 36. Rc1 Qe5 37. Rcc7 Rg6 38. Re7 Qd6 39. Qd4 Qf6 40. Qxf6
Rxf6 41. Re8+ Rf8 42. Rxf8+ Rxf8 43. Bxa4 Rc8 44. Kg2 h6 45. b4 Rc3 46. Bc6
Rxa3 47. b5 Ra2+ 48. Kh3 Rb2 49. b6 h5 50. Rb8+ Kh7 51. b7 g5 52. Bd7 Rb3 53.
Bg4 hxg4+ 54. Kxg4 Kg6 55. Rg8+ Kf6 56. b8=Q Rxb8 57. Rxb8 Kg6 58. Rg8+ Kh6 59.
Rxg5 Kh7 60. Kf5 Kh8 61. Kf6 Kh7 62. Rg6 Kh8 63. Kf7 Kh7 64. Rf6 Kh8 65. Rh6#
1-0

[Event "?"]
[Site "?"]
[Date "2013.07.20"]
[Round "3.27"]
[White "Schröter, Ron"]
[Black "Lennartz, Tim"]
[Result "1-0"]
[WhiteElo "1452"]
[BlackElo "1028"]
[PlyCount "33"]
[EventDate "2013.??.??"]
[WhiteTeam "SG Porz e.V."]
[BlackTeam "DJK Arminia Eilendorf 1919 e.V."]

1. e4 e5 2. Nf3 Nc6 3. d4 exd4 4. Nxd4 Bc5 5. Nxc6 Qf6 6. Qd2 Qxc6 7. Nc3 Nf6
8. Bb5 Qe6 9. O-O Nxe4 10. Nxe4 Qf5 11. Nxc5 Qxc5 12. Qe2+ Kd8 13. Re1 c6 14.
Bc4 d5 15. Be3 Qxc4 16. Bb6+ axb6 17. Qe7# 1-0